Stardew Valley artifacts - Statistics

General Stats
  • This quiz has been taken 8 times
  • The average score is 16 of 42
Answer Stats
Answer % Correct
Ancient Seed
100%
Dwarf Scroll I
71%
Dwarf Scroll II
71%
Dwarf Scroll III
71%
Dwarf Scroll IV
71%
Dinosaur Egg
57%
Glass Shards
57%
Strange Doll
57%
Strange Doll
57%
Anchor
43%
Ancient Doll
43%
Ancient Drum
43%
Chicken Statue
43%
Dried Starfish
43%
Dwarf Gadget
43%
Golden Mask
43%
Palm Fossil
43%
Prehistoric Rib
43%
Prehistoric Skull
43%
Rusty Cog
43%
Rusty Spur
43%
Trilobite
43%
Arrowhead
29%
Chewing Stick
29%
Dwarvish Helm
29%
Elvish Jewelry
29%
Golden Relic
29%
Nautilus Fossil
29%
Prehistoric Tibia
29%
Prehistoric Vertebra
29%
Rare Disc
29%
Rusty Spoon
29%
Skeletal Hand
29%
Skeletal Tail
29%
Amphibian Fossil
14%
Ancient Sword
14%
Bone Flute
14%
Chipped Amphora
14%
Ornamental Fan
14%
Prehistoric Handaxe
14%
Prehistoric Scapula
14%
Prehistoric Tool
14%
No matching quizzes found
Score Distribution
Percent of People with Each Score
Percentile by Number Answered
Your Score History
You have not taken this quiz